000 00530nam a2200217Ia 4500
003 OSt
005 20230620105738.0
008 210423s2002 xx 000 0 und d
020 _a199638535
040 _cAL
041 _aeng
082 _a574.87 DAVJ
100 _aDAVIS (J M),Ed.
_995793
245 _aBasic cell culture.
260 _aOxford
_bOxford University Press
_c2002
300 _axxv,381
_bPB
365 _b2860
_cINR
650 _aCell Biology
_995794
906 _aBasic ; cell ; culture
942 _2ddc
_cBK
999 _c162922
_d162922